Estanciero [juego] /
Guardado en:
| Formato: | Objeto Físico |
|---|---|
| Publicado: |
Argentina :
Estanciero,
[199?]
|
| Materias: | |
| Etiquetas: |
Agregar Etiqueta
Sin Etiquetas, Sea el primero en etiquetar este registro!
|
| LEADER | 00733nrm a22001575g 4500 | ||
|---|---|---|---|
| 001 | CEM.cems019126 | ||
| 008 | 130507b199?##################0###0#####d | ||
| 005 | 20220829163710.0 | ||
| 003 | CEMS | ||
| 245 | 0 | 0 | |a Estanciero [juego] / |c Estanciero |
| 260 | |a Argentina : |b Estanciero, |c [199?] | ||
| 300 | |a 1 juego (1 tablero, billetes, 2 dados, tarjetas de escritura, de suerte, de destino, fichas rojas y amarillas) ; en caja 46 x 36 x 4 cm. + manual de instrucciones. | ||
| 500 | |a Para 3 a 6 jugadores. a partir de 9 años y adultos. finaliza el juego al quedar dueño de todas las provincias y propiedades, uno de los jugadores. | ||
| 082 | 0 | 4 | |a J794 |
| 653 | |a 1. juegos de negocios y finanzas | ||
| 859 | |a CEMS |b BIB. CEMS - Ludoteca |h J794 |i E83 |p 024.92 |t Ej.1 | ||
